El hombre que se quedó adentro del sueño (Registro nro. 6205)

Detalles MARC
000 -Cabecera
Campo de control de longitud fija 00907aam a2200265 4500
005 - Fecha y hora de la última transacción
Campo de control 20260520093307.0
008 - Elementos de longitud fija--Información general
Campo de control de longitud fija 150605b1994 xxu||||| |||| 00| 0 spa d
020 ## - International Standard Book Number
Número Internacional Estándar del Libro (ISBN) 9977647518
041 ## - Idioma
Código de idioma Español
082 ## - Clasificación Decimal Dewey
Número de clasificación CR 863.44 C487h
100 ## - Entrada principal--Autor personal
Nombre personal Chase Brenes, Alfonso
9 (RLIN) 21913
245 ## - Título propiamente dicho
Título El hombre que se quedó adentro del sueño
260 ## - Pie de imprenta
Lugar de publicación, distribución, etc. Costa Rica
260 ## - Pie de imprenta
Nombre del editor, distribuidor, etc. EUNED
260 ## - Pie de imprenta
Fecha de publicación, distribución, etc. 1994
300 ## - Descripción física
Extensión 80 páginas
490 ## - Serie
Título de la Serie Temática General
505 ## - Nota de contenido
Nota de contenido Contenido: El hombre que se quedó adentro del sueño; Tzintzuntzan; Quimera; Unos pasos carcomidos por el viento; Horas viviendo entre palabras; Super Nova; Prontuario del servidor; El primer paraíso; Un Bel Vivir; De cómo escriben mis cuentos.
650 ## - Materia general
Temática (materia general) TEMÁTICA GENERAL
650 ## - Materia general
Temática (materia general) NOVELA COSTARRICENSE
650 ## - Materia general
Temática (materia general) LITERATURA COSTARRICENSE
650 ## - Materia general
Temática (materia general) FANTASÍA
650 ## - Materia general
Temática (materia general) IMAGINACIÓN
942 ## - Punto de acceso adicional KOHA
Tipo de ítem KOHA Literatura
Fuente del sistema de clasificación o colocación Dewey Decimal Classification
Existencias
Signatura completa Código de barras Programa Académico Tipo de ítem
CR 863.44 C487h 15883 Temática General Literatura